000 00407nam a22001457a 4500
008 131114b xxu||||| |||| 00| 0 alb d
041 0 _aalb
080 _a340
_x(035)
245 1 0 _aDoracak për studentë të drejtësisë 2005-2006
260 _aPrishtinë :
_bQendra juridike e Kosovës ;
_c2005.
300 _a208 f. ;
_c24 cm.
650 0 _aLigji
_xDoracak
650 0 _aDrejtësia
_xDoracak
942 _2udc
_cBK
999 _c317
_d317